Course in applied stochastic processes (Record no. 168071)
[ view plain ]
| 000 -LEADER | |
|---|---|
| fixed length control field | 00660nam a2200229Ia 4500 |
| 003 - CONTROL NUMBER IDENTIFIER | |
| control field | OSt |
| 005 - DATE AND TIME OF LATEST TRANSACTION | |
| control field | 20230623113518.0 |
| 008 - FIXED-LENGTH DATA ELEMENTS--GENERAL INFORMATION | |
| fixed length control field | 210423s2011 xx 000 0 und d |
| 020 ## - INTERNATIONAL STANDARD BOOK NUMBER | |
| International Standard Book Number | 978-93-80250-13-7 |
| 040 ## - CATALOGING SOURCE | |
| Transcribing agency | AL |
| 041 ## - LANGUAGE CODE | |
| Language code of text/sound track or separate title | eng |
| 082 ## - DEWEY DECIMAL CLASSIFICATION NUMBER | |
| Classification number | 519.2 GOSC |
| 100 ## - MAIN ENTRY--PERSONAL NAME | |
| Personal name | GOSWAMI (A);RAO (B V) |
| 9 (RLIN) | 112719 |
| 245 ## - TITLE STATEMENT | |
| Title | Course in applied stochastic processes |
| Statement of responsibility, etc. | SESHADRI (C S) |
| 260 ## - PUBLICATION, DISTRIBUTION, ETC. | |
| Place of publication, distribution, etc. | New Delhi |
| Name of publisher, distributor, etc. | Hindustan Book Agency |
| Date of publication, distribution, etc. | 2011 |
| 300 ## - PHYSICAL DESCRIPTION | |
| Extent | xi,215 |
| Other physical details | PB |
| 365 ## - TRADE PRICE | |
| Price amount | 280 |
| Currency code | INR |
| 440 ## - SERIES STATEMENT/ADDED ENTRY--TITLE | |
| Title | Texts and readings in mathematics 40 |
| 9 (RLIN) | 112720 |
| 650 ## - SUBJECT ADDED ENTRY--TOPICAL TERM | |
| Topical term or geographic name entry element | Probabilities |
| 9 (RLIN) | 112721 |
| 906 ## - LOCAL DATA ELEMENT F, LDF (RLIN) | |
| a | applied ; Course ; processes ; stochastic |
| 942 ## - ADDED ENTRY ELEMENTS (KOHA) | |
| Source of classification or shelving scheme | Dewey Decimal Classification |
| Koha item type | Book |
| Withdrawn status | Lost status | Damaged status | Not for loan | Collection code | Home library | Current library | Date acquired | Source of acquisition | Cost, normal purchase price | Total Checkouts | Full call number | Barcode | Date last seen | Date last checked out | Price effective from | Koha item type |
|---|---|---|---|---|---|---|---|---|---|---|---|---|---|---|---|---|
| Mathematics | St Aloysius PG Library | St Aloysius PG Library | 12/09/2016 | Biblios Book Point | 280.00 | 1 | 519.2 GOSC | PG014573 | 09/04/2025 | 08/26/2025 | 04/26/2021 | Book | ||||
| Mathematics | St Aloysius PG Library | St Aloysius PG Library | 12/09/2016 | Biblios Book Point | 280.00 | 519.2 GOSC | PG014574 | 08/24/2022 | 04/26/2021 | Book |